[Event "BCF-chT 2122 (4NCL)"]
[Site "England"]
[Date "2022.06.25"]
[Round "10.118"]
[White "Walsh, Marcus"]
[Black "Grant, David J"]
[Result "0-1"]
[WhiteElo "2112"]
[BlackElo "2080"]
[PlyCount "72"]
[EventDate "2021.11.27"]
[EventType "team-swiss"]
[EventRounds "11"]
[EventCountry "ENG"]
[SourceTitle "EXT 2023"]
[Source "ChessBase"]
[SourceDate "2022.10.05"]
[SourceVersion "1"]
[SourceVersionDate "2022.10.05"]
[SourceQuality "1"]
[WhiteTeam "The ADS"]
[BlackTeam "Sussex Martlets"]
[WhiteTeamCountry "ENG"]
[BlackTeamCountry "ENG"]

1. e4 c5 2. d4 cxd4 3. c3 dxc3 4. Nxc3 e6 5. Nf3 a6 6. Bc4 b5 7. Bb3 Nc6 8. Qe2 Na5 9. 0-0 Bb7 10. Bf4 Nxb3 11. axb3 Rc8 12. Rfd1 Bc5 13. Ne5 Nf6 14. Bg5 d6 15. Rac1 Qb6 16. Nf3 Ng4 17. Bh4 0-0 18. h3 Ne5 19. Nxe5 dxe5 20. Kh2 f6 21. Rd3 Bd4 22. Rcd1 b4 23. Na4 Qc6 24. f3 a5 25. Qe1 f5 26. exf5 exf5 27. Bf2 Bxf2 28. Qxf2 e4 29. Rd6 Qc7 30. f4 Rfd8 31. Qb6 Rxd6 32. Rxd6 e3 33. Kg3 e2 34. Re6 Be4 35. Re8+ Rxe8 36. Qxc7 e1Q+ 0-1

[Event "EU-Cup 36th"]
[Site "Struga"]
[Date "2021.09.24"]
[Round "7.4"]
[White "Bjornsson, Tomas"]
[Black "Grant, David J"]
[Result "0-1"]
[WhiteElo "2175"]
[BlackElo "2074"]
[PlyCount "114"]
[EventDate "2021.09.18"]
[EventType "team-swiss"]
[EventRounds "7"]
[EventCountry "MKD"]
[SourceTitle "CBM 204 Extra"]
[Source "ChessBase"]
[SourceDate "2021.11.30"]
[SourceVersion "1"]
[SourceVersionDate "2021.11.30"]
[SourceQuality "1"]
[WhiteTeam "Viking CC"]
[BlackTeam "Sussex Martlets"]
[WhiteTeamCountry "ISL"]
[BlackTeamCountry "ENG"]

1. d4 Nf6 2. c4 g6 3. Nf3 Bg7 4. g3 0-0 5. Bg2 d6 6. 0-0 Nc6 7. Nc3 a6 8. b3 Rb8 9. Bb2 b5 10. cxb5 axb5 11. e3 b4 12. Ne2 Na7 13. a4 bxa3 14. Rxa3 Nb5 15. Ra1 Nd5 16. Nd2 Nb4 17. Nc4 d5 18. Ra4 Nxd4 19. Bxd4 Bxd4 20. Nxd4 dxc4 21. bxc4 c5 22. Nc6 Nxc6 23. Bxc6 Qc7 24. Bg2 Rd8 25. Qc2 Bd7 26. Raa1 Bf5 27. Be4 Be6 28. Rfb1 Qa5 29. Rxb8 Rxb8 30. Rc1 Qa3 31. Rd1 Rb4 32. Bd5 Bf5 33. Qc1 Qb3 34. Qa1 Ra4 35. Qc1 e6 36. Bc6 Rxc4 37. Qa1 Qc3 38. Rd8+ Kg7 39. Qa8 Bh3 40. Rg8+ Kh6 41. Qf8+ Kh5 42. Bf3+ Rg4 43. Bxg4+ Kxg4 44. f3+ Kxf3 45. Qxf7+ Bf5 46. Qb7+ Kxe3 47. Qg2 Qe1+ 48. Qf1 Qxf1+ 49. Kxf1 Kd2 50. Ra8 c4 51. Ra2+ Bc2 52. Kf2 e5 53. Ra7 e4 54. Re7 Bd3 55. Rxh7 e3+ 56. Kf3 e2 57. Re7 c3 0-1

[Event "EU-Cup 36th"]
[Site "Struga"]
[Date "2021.09.18"]
[Round "1.15"]
[White "Grant, David J"]
[Black "Buzeti, Jernej"]
[Result "0-1"]
[WhiteElo "2074"]
[BlackElo "2236"]
[PlyCount "76"]
[EventDate "2021.09.18"]
[EventType "team-swiss"]
[EventRounds "7"]
[EventCountry "MKD"]
[SourceTitle "CBM 204 Extra"]
[Source "ChessBase"]
[SourceDate "2021.11.30"]
[SourceVersion "1"]
[SourceVersionDate "2021.11.30"]
[SourceQuality "1"]
[WhiteTeam "Sussex Martlets"]
[BlackTeam "Maribor Poligram"]
[WhiteTeamCountry "ENG"]
[BlackTeamCountry "SLO"]

1. d4 d5 2. c4 c6 3. cxd5 cxd5 4. Bg5 h6 5. Bh4 Qb6 6. Nc3 e6 7. Qd2 Nc6 8. e3 Bd6 9. Bd3 Nge7 10. f4 Bd7 11. Nf3 0-0 12. 0-0 Rac8 13. Ne5 Be8 14. Rac1 f6 15. Nf3 Na5 16. f5 Bb4 17. e4 dxe4 18. Bxe4 exf5 19. Bb1 Bf7 20. Bf2 Nc4 21. Qe2 Rfe8 22. d5 Qa5 23. a3 Bd6 24. b4 Qxa3 25. Nb5 Qxb4 26. Nxa7 Rc7 27. Nd4 Nxd5 28. Qd3 Nce3 29. Nf3 Rxc1 30. Rxc1 Ng4 31. Qxf5 Qf4 32. Qh7+ Kf8 33. Qh8+ Bg8 34. Rc2 Nxh2 35. Nxh2 Qxh2+ 36. Kf1 Qh1+ 37. Bg1 Ne3+ 38. Kf2 Nxc2 0-1

[Event "BCF-chT2a 1920 (4NCL)"]
[Site "Daventry"]
[Date "2020.01.12"]
[Round "4.23"]
[White "Oyama, Akito"]
[Black "Grant, David J"]
[Result "0-1"]
[WhiteElo "2203"]
[BlackElo "2047"]
[PlyCount "70"]
[EventDate "2020.01.11"]
[EventType "team-tourn"]
[EventRounds "11"]
[EventCountry "ENG"]
[SourceTitle "CBM 194 Extra"]
[Source "ChessBase"]
[SourceDate "2020.03.31"]
[SourceVersion "1"]
[SourceVersionDate "2020.03.31"]
[SourceQuality "1"]
[WhiteTeam "North East England"]
[BlackTeam "Sussex Martlets"]
[WhiteTeamCountry "ENG"]
[BlackTeamCountry "ENG"]

1. e4 c5 2. Nc3 Nc6 3. Bb5 Nd4 4. Bc4 a6 5. d3 e6 6. Nge2 Nf6 7. 0-0 b5 8. Bb3 Nc6 9. Bg5 Be7 10. f4 Ng4 11. Bxe7 Nxe7 12. Qe1 c4 13. dxc4 bxc4 14. Ba4 Qb6+ 15. Kh1 f5 16. Ng3 0-0 17. h3 Nf6 18. exf5 Nxf5 19. Nxf5 exf5 20. Qe5 Bb7 21. Kh2 Ng4+ 22. hxg4 Rae8 23. Qxe8 Rxe8 24. Bxd7 Re7 25. Rad1 Qc7 26. Ba4 fxg4 27. Rd4 Qc5 28. Rxc4 Qh5+ 29. Kg3 Bxg2 30. Rc8+ Kf7 31. Bb3+ Kg6 32. Kxg2 Qh3+ 33. Kg1 g3 34. Rc6+ Kh5 35. Bf7+ g6 0-1

[Event "BCF-chT2b 1819 (4NCL)"]
[Site "England"]
[Date "2019.03.16"]
[Round "7.81"]
[White "Makkar, Rajat"]
[Black "Grant, David J"]
[Result "1-0"]
[WhiteElo "2139"]
[BlackElo "2222"]
[PlyCount "66"]
[EventDate "2018.11.10"]
[EventType "team-tourn"]
[EventRounds "11"]
[EventCountry "ENG"]
[SourceTitle "EXT 2021"]
[Source "ChessBase"]
[SourceDate "2020.10.23"]
[SourceVersion "1"]
[SourceVersionDate "2020.10.23"]
[SourceQuality "1"]
[WhiteTeam "Grantham Sharks II"]
[BlackTeam "Sussex Martlets"]
[WhiteTeamCountry "ENG"]
[BlackTeamCountry "ENG"]

1. d4 Nf6 2. c4 g6 3. g3 Bg7 4. Bg2 0-0 5. Nc3 d6 6. Nf3 Nc6 7. 0-0 a6 8. d5 Na5 9. Nd2 c5 10. Qc2 Rb8 11. b3 b5 12. Bb2 bxc4 13. bxc4 Bh6 14. f4 Ng4 15. Nd1 Rxb2 16. Qxb2 Bg7 17. Qc1 Bxa1 18. Qxa1 Qb6 19. h3 Qb4 20. Qc1 Nf6 21. e4 Bd7 22. e5 Nh5 23. Kh2 f5 24. a3 Qb6 25. Qc3 Rb8 26. Ne3 Rb7 27. g4 Ng7 28. e6 Be8 29. gxf5 gxf5 30. Bf3 Bg6 31. h4 h5 32. Rg1 Kh7 33. Rg5 Nb3 1-0

[Event "Harrow Poobalasingam op 1st"]
[Site "Harrow"]
[Date "2018.09.09"]
[Round "3"]
[White "Bates, Richard"]
[Black "Grant, David J"]
[Result "1-0"]
[WhiteElo "2374"]
[BlackElo "2084"]
[PlyCount "57"]
[EventDate "2018.09.09"]
[EventType "swiss (rapid)"]
[EventRounds "6"]
[EventCountry "ENG"]
[SourceTitle "CBM 186 Extra"]
[Source "ChessBase"]
[SourceDate "2018.08.24"]
[SourceVersion "1"]
[SourceVersionDate "2018.08.24"]
[SourceQuality "1"]

1. d4 Nf6 2. Nf3 g6 3. g3 Bg7 4. Bg2 0-0 5. 0-0 d6 6. c4 Nc6 7. Nc3 a6 8. b3 e5 9. dxe5 Ng4 10. Bg5 Qd7 11. Nd5 Ncxe5 12. h3 Nxf3+ 13. exf3 f6 14. Bd2 Ne5 15. f4 Nc6 16. Bc3 b6 17. Bxf6 Bxf6 18. Nxf6+ Rxf6 19. Qd5+ Kg7 20. Qxc6 Qxc6 21. Bxc6 Rb8 22. h4 Bg4 23. Rfe1 Rbf8 24. Bd5 c5 25. Re7+ Kh8 26. Rae1 b5 27. Ra7 bxc4 28. bxc4 h5 29. Ree7 1-0

[Event "Reykjavik op"]
[Site "Reykjavik"]
[Date "2018.03.07"]
[Round "2"]
[White "Grant, David J"]
[Black "Hjartarson, Johann"]
[Result "0-1"]
[WhiteElo "2068"]
[BlackElo "2513"]
[PlyCount "74"]
[EventDate "2018.03.06"]
[EventType "swiss"]
[EventRounds "9"]
[EventCountry "ISL"]
[SourceTitle "CBM 183 Extra"]
[Source "ChessBase"]
[SourceDate "2018.04.19"]
[SourceVersion "1"]
[SourceVersionDate "2018.04.19"]
[SourceQuality "1"]

1. e4 e6 2. Nf3 d5 3. Nc3 Nf6 4. e5 Nfd7 5. d4 c5 6. dxc5 Nc6 7. Bf4 Bxc5 8. Bd3 a6 9. 0-0 b5 10. Re1 h6 11. a3 g5 12. Bg3 g4 13. Nh4 Qg5 14. Kh1 Rg8 15. Qe2 Bb7 16. f4 gxf3 17. Nxf3 Qh5 18. Nh4 Qxe2 19. Rxe2 Rc8 20. Rf1 Bd4 21. Nf3 Bxc3 22. bxc3 Na5 23. Nd4 Nc4 24. Ra1 Nb2 25. Be1 Na4 26. Bd2 Nxc3 27. Re3 Ne4 28. Bb4 Nxe5 29. a4 bxa4 30. Rxa4 Nxd3 31. cxd3 Rc1+ 32. Re1 Nf2+ 33. Kg1 Rxe1+ 34. Bxe1 Nxd3 35. Bg3 Rg4 36. Kf1 e5 37. Ke2 Nc5 0-1

[Event "BCF-chT2a 1718 (4NCL)"]
[Site "England"]
[Date "2017.11.11"]
[Round "1.22"]
[White "Grant, David J"]
[Black "Brown, Martin"]
[Result "0-1"]
[WhiteElo "2140"]
[BlackElo "2274"]
[PlyCount "116"]
[EventDate "2017.11.11"]
[EventType "team-tourn"]
[EventRounds "7"]
[EventCountry "ENG"]
[SourceTitle "EXT 2020"]
[Source "ChessBase"]
[SourceDate "2019.10.17"]
[SourceVersion "1"]
[SourceVersionDate "2019.10.17"]
[SourceQuality "1"]
[WhiteTeam "Sussex Martlets"]
[BlackTeam "White Rose II"]
[WhiteTeamCountry "ENG"]
[BlackTeamCountry "ENG"]

1. e4 e6 2. Nf3 d5 3. Nc3 Nf6 4. e5 Nfd7 5. d4 c5 6. dxc5 Nc6 7. Bf4 Bxc5 8. Bd3 f6 9. exf6 Nxf6 10. Qe2 0-0 11. 0-0-0 a6 12. Kb1 Bd7 13. Ne5 Nxe5 14. Bxe5 b5 15. g4 Ne8 16. g5 Qxg5 17. Rhg1 Qh6 18. Qg4 Ra7 19. Rg3 Nf6 20. Bxf6 Rxf6 21. Rh3 Qf4 22. Bxh7+ Kf8 23. f3 Qxg4 24. fxg4 b4 25. Ne2 g6 26. g5 Rf2 27. Nc1 Bd6 28. Bxg6 Rxh2 29. Rxh2 Bxh2 30. Nd3 Bd6 31. Re1 Bc8 32. Bh5 Rg7 33. g6 Ke7 34. Rf1 Bd7 35. c3 bxc3 36. bxc3 Be8 37. Nf4 Bxf4 38. Rxf4 Bxg6+ 39. Bxg6 Rxg6 40. Ra4 e5 41. Ra5 Rb6+ 42. Kc2 Ke6 43. Kd3 Rc6 44. Ra4 e4+ 45. Kd4 Kd6 46. Ra3 Rc4+ 47. Ke3 a5 48. Rxa5 Rxc3+ 49. Kd2 Rc5 50. Ra8 Ke5 51. a4 Kd4 52. a5 e3+ 53. Ke2 Rc2+ 54. Kf3 Rf2+ 55. Kg3 Rf7 56. Re8 Kd3 57. Rb8 e2 58. Rb1 Rf1 0-1